[Event "EU-ch rapid"]
[Site "Wroclaw"]
[Date "2014.12.20"]
[Round "6"]
[White "Krasenkow, Michal"]
[Black "Kwiecinski, Marian"]
[Result "1-0"]
[WhiteElo "2614"]
[BlackElo "2260"]
[PlyCount "71"]
[EventDate "2014.12.20"]
[EventType "swiss (rapid)"]
[EventRounds "11"]
[EventCountry "POL"]
[SourceTitle "CBM 164 Extra"]
[Source "ChessBase"]
[SourceDate "2015.03.02"]
[SourceVersion "1"]
[SourceVersionDate "2015.03.02"]
[SourceQuality "1"]

1. Nf3 Nf6 2. c4 g6 3. Nc3 Bg7 4. e4 0-0 5. d4 c5 6. d5 d6 7. h3 e5 8. Bg5 h6 9. Be3 Qa5 10. Nd2 Nh5 11. g3 a6 12. Be2 Nf6 13. g4 Nbd7 14. h4 b5 15. g5 hxg5 16. hxg5 Ne8 17. cxb5 f5 18. gxf6 Ndxf6 19. Nc4 Qd8 20. bxa6 Bxa6 21. Qd2 Kf7 22. 0-0-0 Bxc4 23. Bxc4 Nh5 24. Rdg1 Nef6 25. Rg2 Rg8 26. Rhg1 Bf8 27. f4 exf4 28. Bxf4 Nxf4 29. Qxf4 Qe7 30. e5 Qxe5 31. Qxe5 dxe5 32. d6+ Ke8 33. Bxg8 Bh6+ 34. Kc2 Nxg8 35. Rxg6 Kf7 36. d7 1-0